Documento que contiene recibos de rédito a favor de Doña María Josefa de Oviedo (Record no. 4722)

MARC details
000 -CABECERA
campo de control de longitud fija 01548nam a2200325 a 4500
001 - NÚMERO DE CONTROL
campo de control BRCA_5028
005 - FECHA Y HORA DE LA ÚLTIMA TRANSACCIÓN
campo de control 20190320204918.0
008 - DATOS DE LONGITUD FIJA--INFORMACIÓN GENERAL
campo de control de longitud fija 031110s1787----mx-######v---#000-0#spa-#
041 ## - CÓDIGO DE LENGUA
Código de lengua del texto/banda sonora o título independiente spa
044 ## - CÓDIGO DEL PAÍS DE LA ENTIDAD EDITORA/PRODUCTORA
Código MARC del país mx
084 ## - OTRO NÚMERO DE CLASIFICACIÓN
Número de clasificación DOC93
Número de documento/Ítem .C53
-- 1787
100 1# - ENTRADA PRINCIPAL--NOMBRE DE PERSONA
Nombre de persona Clavijo y Mora, Manuel
9 (RLIN) 12836
245 10 - MENCIÓN DE TÍTULO
Título Documento que contiene recibos de rédito a favor de Doña María Josefa de Oviedo
Mención de responsabilidad, etc. Manuel Clavijo y Mora ; Felipe Vallejo ; Manuel de la Borda.
260 ## - PUBLICACIÓN, DISTRIBUCIÓN, ETC.
Lugar de publicación, distribución, etc. México
Fecha de publicación, distribución, etc. 1787
300 ## - DESCRIPCIÓN FÍSICA
Extensión [3] fojas
Dimensiones 31 x 21 cm.
500 ## - NOTA GENERAL
Nota general Documentos firmados por Manuel Clavijo y Felipe Vallejo los días 25 y 26 de mayo y 27 de noviembre de 1787.
500 ## - NOTA GENERAL
Nota general Recibos de cantidades de dinero que en concepto de rédito recibieron las albaceas de Doña María Josefa de Oviedo de Don Manuel de la Borda por la venta de su casa.
500 ## - NOTA GENERAL
Nota general El documento contiene la leyenda DOC. #253.
500 ## - NOTA GENERAL
Nota general Estado de conservación: contienen graves daños en la parte inferior, provocados por insectos y los márgenes maltratados.
506 0# - NOTA DE RESTRICCIONES AL ACCESO
Limitaciones de acceso Fondo Reservado. Para su consulta es necesario credencial de usuario y carta de motivos.
546 ## - NOTA DE LENGUA/LENGUAJE
Nota de lengua/lenguaje Texto en: Español de finales del siglo XVIII.
600 14 - PUNTO DE ACCESO ADICIONAL DE MATERIA--NOMBRE DE PERSONA
Nombre de persona Clavijo y Mora Manuel
Subdivisión general Historia
9 (RLIN) 12837
650 14 - PUNTO DE ACCESO ADICIONAL DE MATERIA--TÉRMINO DE MATERIA
Término de materia o nombre geográfico como elemento de entrada Compraventa de bienes raíces
Subdivisión de forma Manúscritos
Subdivisión geográfica México
9 (RLIN) 12838
651 #4 - PUNTO DE ACCESO ADICIONAL DE MATERIA--NOMBRE GEOGRÁFICO
Nombre geográfico México
Subdivisión general Historia
Subdivisión cronológica Colonia, 1521-1821
9 (RLIN) 12461
700 1# - PUNTO DE ACCESO ADICIONAL--NOMBRE DE PERSONA
Nombre de persona Oviedo. María Josefa de
9 (RLIN) 12839
700 1# - PUNTO DE ACCESO ADICIONAL--NOMBRE DE PERSONA
Nombre de persona Vallejo, Felipe
9 (RLIN) 12840
700 1# - PUNTO DE ACCESO ADICIONAL--NOMBRE DE PERSONA
Nombre de persona Borda, Manuel de la
9 (RLIN) 12841
902 ## - CATALOGADOR
Iniciales FDH
942 ## - ELEMENTOS DE PUNTO DE ACCESO ADICIONAL (KOHA)
Fuente del sistema de clasificación o colocación Library of Congress Classification
Tipo de ítem Koha Documentos
Holdings
Estado de retiro Estado de pérdida Estado dañado No para préstamo Localización permanente Ubicación/localización actual Fecha de adquisición Total de préstamos Signatura topográfica completa Código de barras Fecha visto por última vez Precio válido a partir de Tipo de ítem Koha
El ejemplar forma parte de la colección y puede ser consultado según las políticas vigentes.       Biblioteca del Museo Franz Mayer (Rogerio Casas-Alatriste) Biblioteca del Museo Franz Mayer (Rogerio Casas-Alatriste) 03/11/2010   DOC93 .C53 1787 5123 22/03/2019 22/03/2019 Documentos